000 00311nam a22001337a 4500
008 170717b xxu||||| |||| 00| 0 eng d
020 _a0896938525
041 _aeng
080 _a2
100 _a24
101 _aTEO
245 _aWILLMINGTON'S SURVEY OF THE OLD TESTAMENT
_cWILLMINGTON,H.L
942 _2udc
_cBK
999 _c21289
_d21289